000 00302nam a22001337a 4500
008 170419b xxu||||| |||| 00| 0 eng d
020 _a9781259630194
041 _aeng
080 _29 ED
_a579
100 _a11
101 _aSHM
245 _aFOUNDATIONS MICROBIOLOGY
_cTALARO.CH
942 _2udc
_cBK
999 _c11065
_d11065